=LDR 00000nam 2200000 4500 =001 INLIS000000000020134 =005 20200407094457 =035 ##$$a 0010-061300000020134 =008 200407################g##########0#ind## =041 ##$$a Ind =082 ##$$a 233 =090 ##$$a 005.382, Pil d =100 ##$$a Piliang, Yasraf Amir =245 1#$$a Dunia yang berlari mencari tuhantuhan digital /$c Oleh : Yasraf Amir Piliang =260 ##$$a Jakarta :$b PT. Gramedia Widiasarana Indonesia,$c 2004 =300 ##$$a xxviii, 374 hlm. ; $c 14 x 21 cm =650 #4$$a Manusia-Teknologi =850 ##$$a NBPNMAT =084 ##$$a 233 PIL d =250 ##$$a Cet. 1 =504 ##$$a Bibliografi : 365 - 373 =990 ##$$a 20613065 =990 ##$$a 20613064 =990 ##$$a 10606998 =990 ##$$a 09350935 =990 ##$$a 20613067 =990 ##$$a 20613065 =990 ##$$a 20613064 =990 ##$$a 10606998